Countries Starting with U - Statistics

General Stats
  • This quiz has been taken 62 times
  • The average score is 6 of 7
Answer Stats
Country % Correct
Uganda
98%
United Kingdom
94%
United States
90%
Uzbekistan
88%
United Arab Emirates
85%
Uruguay
85%
Ukraine
71%
No matching quizzes found
Score Distribution
Percent of People with Each Score
Percentile by Number Answered
Your Score History
You have not taken this quiz